[Event "BI-2013-P-00018"]
[Site "LSS email"]
[Date "2013.04.22"]
[Round "?"]
[White "Nicolaescu, Nicolae"]
[Black "Korovin, Sergei"]
[Result "1/2-1/2"]
[WhiteElo "1837"]
[BlackElo "1488"]
[PlyCount "89"]
[EventDate "2013.04.25"]
[EventType "tourn (corr)"]
[EventRounds "10"]
[EventCountry "GER"]
[SourceTitle "Telechess CBM 167"]
[Source "ChessBase"]
[SourceDate "2015.07.13"]
[SourceVersion "1"]
[SourceVersionDate "2015.07.13"]
[SourceQuality "1"]

1. e4 c5 2. Nf3 g6 3. d4 Bg7 4. Nc3 Qa5 5. Be3 Nf6 6. Qd2 Nc6 7. d5 Nb4 8. Rc1 0-0 9. a3 Na6 10. Be2 d6 11. h3 Nd7 12. 0-0 Nc7 13. Bh6 Bxc3 14. bxc3 Re8 15. c4 Qxd2 16. Nxd2 b6 17. a4 Ba6 18. a5 Reb8 19. axb6 axb6 20. Ra1 b5 21. cxb5 Bxb5 22. Rxa8 Nxa8 23. c4 Ba6 24. Ra1 Nc7 25. Ra2 Rb4 26. Be3 Kg7 27. f3 Nb6 28. Rc2 Na4 29. Kf2 f6 30. f4 Na8 31. e5 N8b6 32. exd6 exd6 33. f5 g5 34. Ne4 Bxc4 35. Nxd6 Bxe2 36. Kxe2 Nxd5 37. Bxc5 Nf4+ 38. Kf3 Nxc5 39. Rxc5 Rb3+ 40. Ke4 Nxg2 41. Rc7+ Kg8 42. Rc8+ Kg7 43. Rc7+ Kg8 44. Rc8+ Kg7 45. Rc7+ 1/2-1/2

[Event "BI-2013-P-00018"]
[Site "LSS email"]
[Date "2013.04.22"]
[Round "?"]
[White "Sherwood, Russell"]
[Black "Korovin, Sergei"]
[Result "1/2-1/2"]
[WhiteElo "2101"]
[BlackElo "1488"]
[PlyCount "141"]
[EventDate "2013.04.25"]
[EventType "tourn (corr)"]
[EventRounds "10"]
[EventCountry "GER"]
[SourceTitle "Telechess CBM 167"]
[Source "ChessBase"]
[SourceDate "2015.07.13"]
[SourceVersion "1"]
[SourceVersionDate "2015.07.13"]
[SourceQuality "1"]

1. e4 c5 2. Nf3 g6 3. d4 Bg7 4. Nc3 Qa5 5. Be3 Nf6 6. Qd2 Nc6 7. dxc5 Ng4 8. Bc4 0-0 9. 0-0 Nxe3 10. Qxe3 b6 11. cxb6 Qxb6 12. Qxb6 axb6 13. Rfd1 Ra5 14. a4 Rc5 15. Bd3 Nb4 16. Ra3 Bb7 17. Rb3 Nxd3 18. cxd3 Bxc3 19. bxc3 Bc6 20. Rc1 Rb8 21. Rb4 Ra5 22. Ra1 Rba8 23. Rxb6 Rxa4 24. Rxa4 Rxa4 25. Kf1 Ra3 26. Ke2 Rxc3 27. Kd2 Rc5 28. Nd4 e5 29. Nxc6 dxc6 30. h4 h6 31. Rb8+ Kg7 32. Rc8 Kf6 33. Rd8 Ke7 34. Ra8 h5 35. Ra7+ Ke6 36. Rc7 f5 37. exf5+ Kxf5 38. Rc8 Kf6 39. f3 Kf5 40. g3 Kf6 41. g4 hxg4 42. fxg4 Kf7 43. Rc7+ Kf6 44. Ke3 Rc1 45. Ke4 Re1+ 46. Kf3 Rf1+ 47. Ke2 Rc1 48. Ke3 Ke6 49. Rc8 Kd5 50. Rd8+ Ke6 51. Rg8 Kf7 52. Rc8 Rh1 53. Rc7+ Ke6 54. Ke4 Rc1 55. Rc8 Re1+ 56. Kf3 Rf1+ 57. Kg2 Rc1 58. Kf2 Kf7 59. g5 Rc3 60. Ke2 Rc2+ 61. Kf3 Rh2 62. Rc7+ Kf8 63. Rxc6 Rxh4 64. Rxg6 Rf4+ 65. Ke3 Kf7 66. Ra6 Rg4 67. Rf6+ Ke7 68. Rg6 Kf7 69. Rh6 Rg3+ 70. Ke4 Rxg5 71. Rd6 1/2-1/2

[Event "BI-2012-P-00033"]
[Site "LSS email"]
[Date "2012.04.20"]
[Round "?"]
[White "Lewis, Jerome A"]
[Black "Korovin, Sergei"]
[Result "0-1"]
[WhiteElo "1077"]
[BlackElo "1430"]
[PlyCount "54"]
[EventDate "2012.04.22"]
[EventType "tourn (corr)"]
[EventRounds "10"]
[EventCountry "GER"]
[SourceTitle "Telechess CBM 165"]
[Source "ChessBase"]
[SourceDate "2015.03.11"]
[SourceVersion "1"]
[SourceVersionDate "2015.03.11"]
[SourceQuality "1"]

1. c4 c5 2. Nc3 Nc6 3. g3 g6 4. Bg2 Bg7 5. e3 e6 6. Nge2 Nge7 7. d4 cxd4 8. exd4 d5 9. b3 dxc4 10. bxc4 Nxd4 11. Nxd4 Bxd4 12. Be3 Bxc3+ 13. Bd2 Bxa1 14. Qxa1 0-0 15. Qc3 Nf5 16. 0-0 Qd4 17. Qc2 a5 18. Rb1 Rd8 19. Be1 Qd3 20. Qxd3 Rxd3 21. Kf1 Nd4 22. Be4 Ra3 23. Rb2 e5 24. Kg2 Be6 25. Rxb7 f5 26. Bd5 Bxd5+ 27. cxd5 Nf3 0-1

[Event "BI-2012-P-00033"]
[Site "LSS email"]
[Date "2012.04.20"]
[Round "?"]
[White "Muller, Henri Louis"]
[Black "Korovin, Sergei"]
[Result "1-0"]
[WhiteElo "2020"]
[BlackElo "1430"]
[PlyCount "47"]
[EventDate "2012.04.22"]
[EventType "tourn (corr)"]
[EventRounds "10"]
[EventCountry "GER"]
[SourceTitle "Telechess CBM 165"]
[Source "ChessBase"]
[SourceDate "2015.03.11"]
[SourceVersion "1"]
[SourceVersionDate "2015.03.11"]
[SourceQuality "1"]
[WhiteTeam "Canada"]
[WhiteTeamCountry "CAN"]

1. e4 c6 2. d4 g6 3. Nc3 d5 4. Nf3 Bg7 5. h3 Nh6 6. Bf4 f6 7. exd5 cxd5 8. Nb5 0-0 9. c4 a6 10. Nc3 e6 11. cxd5 exd5 12. Be2 Nc6 13. 0-0 Nf5 14. Rc1 Re8 15. Bd3 Be6 16. Na4 Nfxd4 17. Nxd4 Nxd4 18. Bc7 Qe7 19. Nb6 Nc6 20. Nxa8 Rxa8 21. Bb6 f5 22. Re1 Re8 23. Bxa6 Qd7 24. Bb5 1-0

[Event "SD-2011-0-00115"]
[Site "LSS email"]
[Date "2011.09.27"]
[Round "?"]
[White "Korovin, Sergei"]
[Black "Hammerschmidt, Volker"]
[Result "1-0"]
[WhiteElo "1517"]
[BlackElo "1816"]
[PlyCount "65"]
[EventDate "2011.08.20"]
[EventType "tourn (corr)"]
[EventRounds "6"]
[EventCountry "GER"]
[SourceTitle "Telechess CBM 155"]
[Source "ChessBase"]
[SourceDate "2013.07.16"]
[SourceVersion "1"]
[SourceVersionDate "2013.07.16"]
[SourceQuality "1"]

1. c4 c5 2. g3 g6 3. d4 cxd4 4. Nf3 e5 5. e3 Nf6 6. exd4 e4 7. Nfd2 d5 8. Nc3 Bg7 9. Bg2 dxc4 10. Nxc4 0-0 11. Ne3 Re8 12. 0-0 Bd7 13. Rb1 a5 14. Qe2 Na6 15. Rd1 Rc8 16. a3 a4 17. h3 h5 18. Nc4 Be6 19. d5 Bxd5 20. Rd4 Bxc4 21. Rxc4 Qd7 22. Be3 Rxc4 23. Qxc4 b5 24. Nxb5 Nd5 25. Ba7 h4 26. Rd1 Ne3 27. Rxd7 Nxc4 28. Nc3 Bxc3 29. bxc3 Nxa3 30. Bf1 Nb8 31. Rc7 Rd8 32. Bc5 Nd7 33. Be7 1-0

[Event "SD-2011-0-00115"]
[Site "LSS email"]
[Date "2011.09.27"]
[Round "?"]
[White "Koziol, Pawel"]
[Black "Korovin, Sergei"]
[Result "1-0"]
[WhiteElo "1520"]
[BlackElo "1517"]
[PlyCount "39"]
[EventDate "2011.08.20"]
[EventType "tourn (corr)"]
[EventRounds "6"]
[EventCountry "GER"]
[SourceTitle "Telechess CBM 155"]
[Source "ChessBase"]
[SourceDate "2013.07.16"]
[SourceVersion "1"]
[SourceVersionDate "2013.07.16"]
[SourceQuality "1"]

1. e4 d6 2. d4 g6 3. Nc3 Bg7 4. Be3 a6 5. a4 Nf6 6. Be2 0-0 7. g4 c5 8. g5 Ng4 9. Bxg4 Bxg4 10. Qxg4 cxd4 11. Bxd4 Bxd4 12. Nge2 Bg7 13. h4 Qb6 14. 0-0-0 Nc6 15. h5 Rfc8 16. hxg6 hxg6 17. Qh3 Kf8 18. f4 Na5 19. Rdf1 d5 20. f5 1-0

[Event "SD-2011-0-00105"]
[Site "LSS email"]
[Date "2011.06.30"]
[Round "?"]
[White "Korostenski, Frank"]
[Black "Korovin, Sergei"]
[Result "1-0"]
[WhiteElo "1640"]
[BlackElo "1513"]
[PlyCount "71"]
[EventDate "2011.06.12"]
[EventType "tourn (corr)"]
[EventRounds "6"]
[EventCountry "GER"]
[SourceTitle "Telechess CBM 157"]
[Source "ChessBase"]
[SourceDate "2013.11.12"]
[SourceVersion "1"]
[SourceVersionDate "2013.11.12"]
[SourceQuality "1"]

1. e4 a6 2. d4 b5 3. a4 Bb7 4. axb5 axb5 5. Rxa8 Bxa8 6. Bxb5 Bxe4 7. Nf3 c6 8. Bd3 Bxd3 9. Qxd3 Nf6 10. 0-0 e6 11. Nc3 Bb4 12. Bg5 0-0 13. Ne4 Be7 14. Nxf6+ Bxf6 15. Bxf6 Qxf6 16. b4 d5 17. Ne5 Qe7 18. c3 f6 19. Nf3 e5 20. Qe3 Re8 21. dxe5 fxe5 22. Ra1 h6 23. h3 e4 24. Ra7 Qd6 25. Nd4 Rf8 26. g4 Qe5 27. Nf5 Rf7 28. Rxf7 Kxf7 29. Qa7+ Kg6 30. Ne3 Qe8 31. Qc7 Kh7 32. Nf5 Qf8 33. Qb7 Qg8 34. Kg2 Kh8 35. Qe7 Kh7 36. h4 1-0

[Event "SD-2011-0-00105"]
[Site "LSS email"]
[Date "2011.06.28"]
[Round "?"]
[White "Korovin, Sergei"]
[Black "Shapovalov, Dima"]
[Result "1/2-1/2"]
[WhiteElo "1513"]
[BlackElo "1651"]
[PlyCount "77"]
[EventDate "2011.06.12"]
[EventType "tourn (corr)"]
[EventRounds "6"]
[EventCountry "GER"]
[SourceTitle "Telechess CBM 157"]
[Source "ChessBase"]
[SourceDate "2013.11.12"]
[SourceVersion "1"]
[SourceVersionDate "2013.11.12"]
[SourceQuality "1"]

1. c4 Nf6 2. Nc3 e5 3. g3 d5 4. cxd5 Nxd5 5. Nf3 Nc6 6. Bg2 Nb6 7. a3 Be7 8. 0-0 0-0 9. b4 Be6 10. d3 f6 11. Ne4 Qd7 12. Qc2 a6 13. Nc5 Bxc5 14. bxc5 Nd5 15. e4 Nde7 16. Be3 Rab8 17. Rfd1 Nd4 18. Bxd4 exd4 19. Rdc1 Nc6 20. Rab1 Rfe8 21. Rb2 Qf7 22. Rcb1 Bc8 23. e5 Kh8 24. exf6 Qxf6 25. Ng5 Ra8 26. Ne4 Qe7 27. Nd2 Na7 28. a4 Nc6 29. Bxc6 bxc6 30. Ne4 Bf5 31. Rb7 Bxe4 32. dxe4 Rad8 33. Rd1 Rd7 34. a5 Red8 35. Rb3 h6 36. Rd2 Re8 37. f3 Red8 38. Rbd3 Qe5 39. Qc4 1/2-1/2

[Event "SD-2011-0-00087"]
[Site "LSS email"]
[Date "2011.02.27"]
[Round "?"]
[White "Korovin, Sergei"]
[Black "Schalkwijk, Peter H"]
[Result "0-1"]
[WhiteElo "1495"]
[BlackElo "1403"]
[PlyCount "82"]
[EventDate "2011.01.27"]
[EventType "tourn (corr)"]
[EventRounds "6"]
[EventCountry "GER"]
[SourceTitle "Telechess CBM 149"]
[Source "ChessBase"]
[SourceDate "2012.07.17"]
[SourceVersion "1"]
[SourceVersionDate "2012.07.17"]
[SourceQuality "1"]

1. c3 d5 2. Qa4+ c6 3. g4 e5 4. h3 h5 5. g5 Qxg5 6. Nf3 Qf6 7. d3 Nd7 8. Bg5 Qf5 9. Nbd2 Nc5 10. Qd1 f6 11. Be3 Ne6 12. Rg1 Ne7 13. Qc2 g5 14. 0-0-0 Ng6 15. Nb3 Bd6 16. Kb1 Ngf4 17. Rg3 h4 18. Rg4 b6 19. c4 Bd7 20. Bd2 d4 21. Bc1 a5 22. a3 Rd8 23. Nh2 a4 24. Nd2 b5 25. e3 Nh5 26. Ne4 Be7 27. c5 Qh7 28. Rg1 dxe3 29. fxe3 Qg8 30. d4 exd4 31. exd4 Nef4 32. Re1 Kf8 33. Qf2 Qd5 34. Ka1 b4 35. axb4 Be6 36. Nc3 Qxd4 37. Qxd4 Rxd4 38. Ng4 Rxb4 39. Be3 Kf7 40. Na2 Bxa2 41. Bd2 Rb7 0-1

[Event "SD-2011-0-00087"]
[Site "LSS email"]
[Date "2011.02.23"]
[Round "?"]
[White "Grimm, Wolfgang"]
[Black "Korovin, Sergei"]
[Result "0-1"]
[WhiteElo "1333"]
[BlackElo "1495"]
[PlyCount "56"]
[EventDate "2011.01.27"]
[EventType "tourn (corr)"]
[EventRounds "6"]
[EventCountry "GER"]
[SourceTitle "Telechess CBM 149"]
[Source "ChessBase"]
[SourceDate "2012.07.17"]
[SourceVersion "1"]
[SourceVersionDate "2012.07.17"]
[SourceQuality "1"]

1. g3 Nf6 2. Nc3 g6 3. Nf3 d5 4. d4 Bg7 5. Bg2 0-0 6. 0-0 Nc6 7. Ne5 Rb8 8. Bf4 Nh5 9. Bxd5 Nxf4 10. gxf4 Bh3 11. Re1 Nxe5 12. dxe5 e6 13. Bg2 Bxg2 14. Qxd8 Rbxd8 15. Kxg2 f6 16. exf6 Bxf6 17. Ne4 Bxb2 18. Rab1 Rxf4 19. Nc5 Bc3 20. Nxe6 Rg4+ 21. Kf3 Rd6 22. Kxg4 Bxe1 23. Nxc7 Bxf2 24. Rxb7 Rd7 25. e4 h5+ 26. Kf3 Rf7+ 27. Kg2 Kh7 28. Rb3 Rxc7 0-1

[Event "LSS SD-2010-0-00081"]
[Site "LSS email"]
[Date "2011.01.20"]
[Round "?"]
[White "Aksenov, Aleksandr Aleksandr"]
[Black "Korovin, Sergei"]
[Result "1-0"]
[WhiteElo "1851"]
[BlackElo "1495"]
[PlyCount "71"]
[EventDate "2010.12.10"]
[EventType "tourn (corr)"]
[EventRounds "6"]
[EventCountry "GER"]
[SourceTitle "Telechess CBM 149"]
[Source "ChessBase"]
[SourceDate "2012.07.17"]
[SourceVersion "1"]
[SourceVersionDate "2012.07.17"]
[SourceQuality "1"]

1. e4 c5 2. Nf3 d6 3. d4 cxd4 4. Nxd4 e5 5. Bb5+ Bd7 6. Bxd7+ Nxd7 7. Nf5 Nc5 8. Nc3 Nf6 9. Bg5 g6 10. Ne3 Be7 11. Bxf6 Bxf6 12. Qd2 0-0 13. 0-0-0 Be7 14. Kb1 Qd7 15. h4 b5 16. f3 Rac8 17. Ng4 f6 18. h5 g5 19. Nh6+ Kh8 20. Nf5 a6 21. h6 Nb7 22. g4 Rc5 23. Nd5 Bd8 24. Qe2 a5 25. Rd2 a4 26. Rhd1 Ba5 27. c3 Qc8 28. a3 Qd7 29. Nb4 Rd8 30. Nxd6 Nxd6 31. Rxd6 Qxd6 32. Rxd6 Rxd6 33. Nd5 Bd8 34. Qe3 Rdc6 35. Nb4 Rc8 36. Na6 1-0

[Event "LSS SD-2010-0-00081"]
[Site "LSS email"]
[Date "2011.01.20"]
[Round "?"]
[White "Ferluga, Sergio"]
[Black "Korovin, Sergei"]
[Result "1-0"]
[WhiteElo "1261"]
[BlackElo "1495"]
[PlyCount "61"]
[EventDate "2010.12.10"]
[EventType "tourn (corr)"]
[EventRounds "6"]
[EventCountry "GER"]
[SourceTitle "Telechess CBM 149"]
[Source "ChessBase"]
[SourceDate "2012.07.17"]
[SourceVersion "1"]
[SourceVersionDate "2012.07.17"]
[SourceQuality "1"]

1. e4 c5 2. d3 Nc6 3. g3 g6 4. Bg2 Bg7 5. c3 e5 6. a3 Nge7 7. Be3 Qb6 8. b4 d6 9. Nf3 a5 10. Nbd2 0-0 11. Nc4 Qa6 12. b5 Qxb5 13. Nxd6 Qb6 14. Rb1 Qc7 15. Bxc5 Na7 16. d4 b5 17. Nxc8 Rfxc8 18. 0-0 Re8 19. a4 exd4 20. cxd4 b4 21. Qb3 Nec6 22. Rfc1 Qd7 23. Qd5 Rad8 24. Qxd7 Rxd7 25. d5 Ne7 26. Bh3 Rb7 27. Nd2 Nec8 28. Nb3 Bc3 29. Nxa5 Rc7 30. Nb3 Rxe4 31. d6 1-0

[Event "LSS SD-2010-0-00081"]
[Site "LSS email"]
[Date "2011.01.20"]
[Round "?"]
[White "Sukhanitskij, Stanislav"]
[Black "Korovin, Sergei"]
[Result "1-0"]
[WhiteElo "1875"]
[BlackElo "1495"]
[PlyCount "37"]
[EventDate "2010.12.10"]
[EventType "tourn (corr)"]
[EventRounds "6"]
[EventCountry "GER"]
[SourceTitle "Telechess CBM 149"]
[Source "ChessBase"]
[SourceDate "2012.07.17"]
[SourceVersion "1"]
[SourceVersionDate "2012.07.17"]
[SourceQuality "1"]

1. Nf3 Nf6 2. g3 g6 3. Bg2 Bg7 4. 0-0 0-0 5. d4 d5 6. Nc3 Nbd7 7. Bf4 c6 8. Qd2 Nb6 9. b3 Ne4 10. Nxe4 dxe4 11. Ne5 f6 12. Nc4 Nxc4 13. bxc4 e5 14. dxe5 fxe5 15. Qxd8 Rxd8 16. Be3 Bf5 17. a4 Bf8 18. a5 c5 19. h3 1-0

[Event "CP-2010-P-00041"]
[Site "LSS email"]
[Date "2010.09.28"]
[Round "?"]
[White "Korovin, Sergei"]
[Black "Candy, Romain"]
[Result "0-1"]
[WhiteElo "1495"]
[BlackElo "2219"]
[PlyCount "40"]
[EventDate "2010.10.01"]
[EventType "tourn (corr)"]
[EventRounds "6"]
[EventCountry "GER"]
[SourceTitle "Telechess CBM 151"]
[Source "ChessBase"]
[SourceDate "2012.11.13"]
[SourceVersion "1"]
[SourceVersionDate "2012.11.13"]
[SourceQuality "1"]

1. d4 Nf6 2. c4 g6 3. Nf3 Bg7 4. e3 0-0 5. Be2 c5 6. 0-0 d5 7. Nc3 cxd4 8. exd4 Nc6 9. a3 Bg4 10. h3 Bxf3 11. Bxf3 dxc4 12. Bxc6 bxc6 13. Be3 Rb8 14. Qc2 Nd5 15. Na4 Nxe3 16. fxe3 Qd5 17. Nc3 Qe6 18. Rae1 c5 19. Ne4 cxd4 20. exd4 Bxd4+ 0-1

[Event "LSS SC-2010-0-00063"]
[Site "LSS email"]
[Date "2010.07.04"]
[Round "?"]
[White "Hennink, Aldo"]
[Black "Korovin, Sergei"]
[Result "1-0"]
[WhiteElo "1635"]
[BlackElo "1575"]
[PlyCount "37"]
[EventDate "2010.05.10"]
[EventType "tourn (corr)"]
[EventRounds "6"]
[EventCountry "GER"]
[SourceTitle "Telechess CBM 141"]
[Source "ChessBase"]
[SourceDate "2011.03.17"]
[SourceVersion "1"]
[SourceVersionDate "2011.03.17"]
[SourceQuality "1"]

1. Nf3 Nf6 2. c4 c5 3. g3 g6 4. b3 Bg7 5. Bb2 0-0 6. Bg2 d5 7. cxd5 Qxd5 8. Nc3 Qh5 9. h3 Ne4 10. Qc2 Nxc3 11. Bxc3 Rd8 12. Rc1 Bxc3 13. Qxc3 Na6 14. Qe5 Qxe5 15. Nxe5 Rb8 16. d3 f6 17. Nc4 Nb4 18. a3 Na6 19. Na5 1-0

[Event "LSS BI-2009-F-00012"]
[Site "LSS email"]
[Date "2010.02.15"]
[Round "?"]
[White "Korovin, Sergei"]
[Black "Lifshitz, Samuel"]
[Result "0-1"]
[WhiteElo "1542"]
[BlackElo "1834"]
[PlyCount "44"]
[EventDate "2010.02.17"]
[EventType "tourn (corr)"]
[EventRounds "10"]
[EventCountry "GER"]
[SourceTitle "Telechess CBM 147"]
[Source "ChessBase"]
[SourceDate "2012.03.16"]
[SourceVersion "1"]
[SourceVersionDate "2012.03.16"]
[SourceQuality "1"]

1. Nf3 f5 2. d4 Nf6 3. Bg5 e6 4. Nbd2 Be7 5. c3 0-0 6. Qc2 d5 7. e3 Bd7 8. 0-0-0 Nc6 9. Be2 a5 10. Ne5 Nxe5 11. dxe5 Ng4 12. Bxe7 Qxe7 13. Bxg4 fxg4 14. h3 Rxf2 15. hxg4 h6 16. Qg6 Be8 17. Qd3 a4 18. e4 a3 19. b3 Bg6 20. Qg3 Qc5 21. b4 Rxg2 22. Qh3 Qc6 0-1

[Event "LSS BI-2009-F-00012"]
[Site "LSS email"]
[Date "2010.02.15"]
[Round "?"]
[White "Korovin, Sergei"]
[Black "Raines, David T"]
[Result "1-0"]
[WhiteElo "1542"]
[BlackElo "1067"]
[PlyCount "81"]
[EventDate "2010.02.17"]
[EventType "tourn (corr)"]
[EventRounds "10"]
[EventCountry "GER"]
[SourceTitle "Corr 2013"]
[Source "ChessBase"]
[SourceDate "2012.11.12"]
[SourceVersion "1"]
[SourceVersionDate "2012.11.12"]
[SourceQuality "1"]

1. Nf3 Nf6 2. g3 b6 3. c4 Bb7 4. Bg2 e6 5. 0-0 c5 6. Nc3 Be7 7. d4 cxd4 8. Qxd4 Nc6 9. Qd1 0-0 10. e4 d6 11. Re1 Rc8 12. b3 Nd7 13. Be3 Nde5 14. Nxe5 dxe5 15. Qh5 Qc7 16. Nb5 Qb8 17. Red1 Rfd8 18. Qg4 Bf6 19. Re1 Nd4 20. Bxd4 exd4 21. e5 Be7 22. Nxd4 Bxg2 23. Kxg2 Qb7+ 24. Kg1 Bc5 25. Rad1 Qe7 26. Nc2 a5 27. a4 Rxd1 28. Rxd1 h6 29. Nd4 Bxd4 30. Qxd4 Qb7 31. Qd3 Qc7 32. f4 Qc5+ 33. Kg2 g6 34. Kf3 Qc6+ 35. Qe4 Qc5 36. Qb7 Qc6+ 37. Qxc6 Rxc6 38. Rd6 Rxd6 39. exd6 Kf8 40. Ke4 f6 41. b4 1-0

[Event "LSS BI-2009-F-00012"]
[Site "LSS email"]
[Date "2010.02.15"]
[Round "?"]
[White "Korzun, Sergey"]
[Black "Korovin, Sergei"]
[Result "1/2-1/2"]
[WhiteElo "1723"]
[BlackElo "1634"]
[PlyCount "24"]
[EventDate "2010.02.17"]
[EventType "tourn (corr)"]
[EventRounds "10"]
[EventCountry "GER"]
[SourceTitle "Corr 2013"]
[Source "ChessBase"]
[SourceDate "2012.11.12"]
[SourceVersion "1"]
[SourceVersionDate "2012.11.12"]
[SourceQuality "1"]

1. c4 c6 2. Nf3 d5 3. g3 g6 4. Bg2 Bg7 5. cxd5 cxd5 6. 0-0 Nf6 7. d4 0-0 8. Nc3 b6 9. Bf4 Bb7 10. Rc1 Nc6 11. Ne5 Rc8 12. Re1 e6 1/2-1/2

[Event "LSS BI-2009-F-00012"]
[Site "LSS email"]
[Date "2010.02.15"]
[Round "?"]
[White "Loktayev, Vladislav"]
[Black "Korovin, Sergei"]
[Result "0-1"]
[WhiteElo "1225"]
[BlackElo "1599"]
[PlyCount "68"]
[EventDate "2010.02.17"]
[EventType "tourn (corr)"]
[EventRounds "10"]
[EventCountry "GER"]
[SourceTitle "Telechess CBM 141"]
[Source "ChessBase"]
[SourceDate "2011.03.17"]
[SourceVersion "1"]
[SourceVersionDate "2011.03.17"]
[SourceQuality "1"]

1. d4 f5 2. Nc3 Nf6 3. Bg5 d5 4. f3 e6 5. e4 Be7 6. e5 Nfd7 7. Bxe7 Qxe7 8. Nce2 Qb4+ 9. c3 Qxb2 10. Nh3 0-0 11. Nf2 c5 12. Nd3 Qb6 13. Rb1 Qc7 14. Nef4 Re8 15. Qd2 c4 16. Nf2 Nc6 17. Be2 Nb6 18. 0-0 Qe7 19. Rfc1 Nd8 20. Bf1 Bd7 21. Kh1 Nf7 22. Be2 Bc6 23. g4 fxg4 24. fxg4 Rf8 25. Rf1 Ng5 26. Qe3 Rf7 27. N2h3 Nxh3 28. Nxh3 Raf8 29. Rxf7 Rxf7 30. Rf1 Rxf1+ 31. Bxf1 Kf8 32. Nf4 Ke8 33. Qh3 Qf7 34. Qe3 g5 0-1

[Event "LSS BI-2009-F-00012"]
[Site "LSS email"]
[Date "2010.02.15"]
[Round "?"]
[White "Stadler, Pavel"]
[Black "Korovin, Sergei"]
[Result "0-1"]
[WhiteElo "1292"]
[BlackElo "1542"]
[PlyCount "34"]
[EventDate "2010.02.17"]
[EventType "tourn (corr)"]
[EventRounds "10"]
[EventCountry "GER"]
[SourceTitle "Corr 2013"]
[Source "ChessBase"]
[SourceDate "2012.11.12"]
[SourceVersion "1"]
[SourceVersionDate "2012.11.12"]
[SourceQuality "1"]

1. e4 c5 2. Nf3 e6 3. d4 d5 4. exd5 exd5 5. Bb5+ Nc6 6. Qe2+ Qe7 7. Be3 Bd7 8. Bxc6 Bxc6 9. dxc5 0-0-0 10. c3 Re8 11. b4 f5 12. Nd4 Bd7 13. g3 Qe4 14. 0-0 f4 15. gxf4 Bh3 16. Nf3 Re6 17. Kh1 Bxf1 0-1

[Event "LSS SB-2009-0-00053"]
[Site "LSS email"]
[Date "2009.06.20"]
[Round "?"]
[White "Smith, Douglas Royston"]
[Black "Korovin, Sergei"]
[Result "1-0"]
[WhiteElo "1954"]
[BlackElo "1696"]
[PlyCount "43"]
[EventDate "2009.04.30"]
[EventType "tourn (corr)"]
[EventRounds "6"]
[EventCountry "GER"]
[SourceTitle "Corr 2011"]
[Source "ChessBase"]
[SourceDate "2010.08.31"]
[SourceVersion "1"]
[SourceVersionDate "2010.08.31"]
[SourceQuality "1"]

1. Nf3 f5 2. d4 Nf6 3. Bg5 e6 4. Nc3 Be7 5. Bxf6 Bxf6 6. e4 0-0 7. e5 Be7 8. d5 d6 9. Bc4 c6 10. exd6 Bxd6 11. dxe6 Qe7 12. 0-0 Na6 13. Re1 Nc7 14. Qd3 b5 15. Bb3 Bb7 16. Rad1 Rad8 17. Ne5 a5 18. Nd7 Bb4 19. a3 a4 20. Ba2 Bxc3 21. bxc3 Kh8 22. Qd6 1-0